000 01125nam a2200277Ia 4500
003 OSt
005 20221005110340.0
006 a|||||r|||| 00| 0
007 ta
008 221004b |||||||| |||| 00| 0 hin d
020 _a9788189982935 (hbk)
_cINR 700.00
024 _a42429
037 _bIN-2307, 14/03/2019, Kitab Ghar Prakashan
_cTextual
040 _aCRL
_cCRL
_bhin
041 _2hin
_ahin
082 _aO152,3N234:g, Q5
100 _aसुशील बाला, ले.
245 0 _aशिवानी के कथेतर साहित्य का सांस्कृतिक अध्ययन
246 _aShivānī ke kathetar sāhitya kā sāanskṛutik adhyayana
260 _aनई दिल्ली
_bआर्य प्रकाशन मंडल भारत
_c2015
300 _a343पृ0
_ccm.
650 _a हिन्दी साहित्य
650 _aहिन्दी कहानी
942 _hO152,3N234:g, Q5
_cTEXL
_2cc
999 _c1018535
_d1018535